Central Library OPAC University of Rajshahi

Forest resource economics and policy research : (Record no. 66755)

MARC details
000 -LEADER
fixed length control field 00949nam a2200265 a 4500
001 - CONTROL NUMBER
control field 66755
003 - CONTROL NUMBER IDENTIFIER
rucl marc code BD-RjUL
005 - DATE AND TIME OF LATEST TRANSACTION
control field 20211209081556.0
008 - FIXED-LENGTH DATA ELEMENTS--GENERAL INFORMATION
fixed length control field 170320s1989 coua b 001 0 eng
020 ## - INTERNATIONAL STANDARD BOOK NUMBER
International Standard Book Number 0813377803 (alk. paper)
035 ## - SYSTEM CONTROL NUMBER
System control number (BD-RjUL)66886
040 ## - CATALOGING SOURCE
Original cataloging agency DLC
Transcribing agency DLC
Modifying agency BD-RjUL
Language of cataloging eng
041 ## - LANGUAGE CODE
Language code of text/sound track or separate title eng
082 00 - DEWEY DECIMAL CLASSIFICATION NUMBER
Classification number 333.750973
Edition number 23
Author mark and year FOR 1989
245 00 - TITLE STATEMENT
Title Forest resource economics and policy research :
Remainder of title strategic directions for the future /
Statement of responsibility, etc. edited by Paul V. Ellefson.
260 ## - PUBLICATION, DISTRIBUTION, ETC. (IMPRINT)
Place of publication, distribution, etc. Boulder, Colo. :
Name of publisher, distributor, etc. Westview Press,
Date of publication, distribution, etc. c1989.
300 ## - PHYSICAL DESCRIPTION
Pagination xii, 403 p. :
Illustrations ill. ;
Size 24 cm.
504 ## - BIBLIOGRAPHY, ETC. NOTE
Bibliography, etc Includes bibliographies and index.
650 #0 - SUBJECT ADDED ENTRY--TOPICAL TERM
Topical term or geographic name as entry element Forest products industry
General subdivision Government policy
Geographic subdivision United States.
9 (RLIN) 197620
Topical term or geographic name as entry element Forest policy
Geographic subdivision United States.
9 (RLIN) 197621
Topical term or geographic name as entry element Forests and forestry
General subdivision Economic aspects
Geographic subdivision United States.
9 (RLIN) 43677
700 1# - ADDED ENTRY--PERSONAL NAME
Personal name Ellefson, Paul V.
942 ## - ADDED ENTRY ELEMENTS (KOHA)
Source of classification or shelving scheme Dewey Decimal Classification
Koha item type Books
Holdings
Lost status Source of classification or shelving scheme Damaged status Not for loan Collection code Permanent Location Current Location Shelving location Date acquired Source of acquisition Total Checkouts Full call number Date last seen Copy number Koha item type
  Dewey Decimal Classification   Not For Loan Non-fiction Central Library, University of Rajshahi Central Library, University of Rajshahi Reading Room 05/09/1993 Asia foundation   333.750973 FOR 1989 20/03/2017 C-1 Books